000 00674nam a2200253 4500
001 000035467
003 DO-SdBNP
005 20171127114716.0
008 111101s1990 sp 000 0 spa d
020 _a
040 _aBPMSU
_bspa
_cBPMSU
092 _axxxx
_b XXX
100 1 _aAnder Egg, Ezequiel,
_d1930-
245 1 0 _aTécnicas de investigación social /
_b
_cEzequiel Ander-Egg.
250 _a
260 _aAlicante :
_bHumanitas,
_c1990
300 _a500 p. ;
_c22 cm.
490 1 _a
504 _aIncluye bibliografías.
830 0 _a
942 _2ddc
_cMP
945 _aInventariado extranjero / 2017 VM
956 _aVMATEO
_b10
_c20171127
_lBPMSU
_h0069
999 _c13122
_d13122